Stokes v Cambridge Corporation (Record no. 91041)
[ view plain ]
| 000 -LEADER | |
|---|---|
| fixed length control field | 01304cam a2200205 4500 |
| 001 - CONTROL NUMBER | |
| control field | ##J1184 |
| 008 - FIXED-LENGTH DATA ELEMENTS--GENERAL INFORMATION | |
| fixed length control field | 970403 1961 v |
| 035 ## - SYSTEM CONTROL NUMBER | |
| System control number | (Sirsi) u42226 |
| 041 0# - LANGUAGE CODE | |
| Language code of text/sound track or separate title | eng |
| 050 04 - LIBRARY OF CONGRESS CALL NUMBER | |
| Classification number | 711.14 $2 18 |
| 245 00 - TITLE STATEMENT | |
| Title | Stokes v Cambridge Corporation |
| 260 ## - PUBLICATION, DISTRIBUTION, ETC. | |
| Date of publication, distribution, etc. | 1961 |
| 510 4# - CITATION/REFERENCES NOTE | |
| Name of source | [1962] 13 P&CR 77-92(16) |
| -- | [1961] 180 EG 839-844(4) |
| 520 ## - SUMMARY, ETC. | |
| Summary, etc. | LT/148/1960, 30 November 1961. Concerns a compulsory purchase order of land zoned for industry, with an important issue of access. S claimed compensation from C after the local authority had valued the land at an unduly low level. "Held": S had been led into selling the land at an unduly low figure. C owned the access land, but it would be a mistake of law to pay regard to this. However, the position had to be considered through the eyes of a prospective purchaser, including the fact that C also owned other land which would probably be re-zoned as industrial. The price of access land should be one-third of the increase in value of the land acquired. Compensation and S's costs payable by C. |
| 650 24 - SUBJECT ADDED ENTRY--TOPICAL TERM | |
| Topical term or geographic name entry element | STOKES V CAMBRIDGE CORPORATION |
| 651 #4 - SUBJECT ADDED ENTRY--GEOGRAPHIC NAME | |
| Geographic name | England and Wales |
| Chronological subdivision | 1543- |
| 690 ## - LOCAL SUBJECT ADDED ENTRY--TOPICAL TERM (OCLC, RLIN) | |
| Topical term or geographic name as entry element | ENVIRONMENTAL AND LAND CONSULTANCY-PLANNING AND DEVELOPMENT-COMPULSORY PURCHASE AND COMPENSATION |
| 942 ## - ADDED ENTRY ELEMENTS (KOHA) | |
| Suppress in OPAC | 0 |
| 948 ## - LOCAL PROCESSING INFORMATION (OCLC); SERIES PART DESIGNATOR (RLIN) | |
| c (OCLC) | 04/03/1997 |
| Withdrawn status | Lost status | Source of classification or shelving scheme | Damaged status | Not for loan | Home library | Current library | Shelving location | Date acquired | Total Checkouts | Full call number | Barcode | Date last seen | Copy number | Price effective from | Koha item type |
|---|---|---|---|---|---|---|---|---|---|---|---|---|---|---|---|
| Dewey Decimal Classification | London | London | Basement | 17/12/1992 | RESERVE SHELVES | 30034263 | 06/08/2019 | 1 | 06/08/2019 | Reference material |